Poruchy správania detí a ich zvládanie v pedagogickej praxi

Náročnosť práce so žiakmi so špecifickými poruchami – špeciálne metódy a formy práce. Špecifické poruchy správania a učenia a ich podmienenosť s narušením funkcií, ktoré sú zodpovedné za riadenie, reguláciu a prepojenie prejavov správania a schopnosti učenia.

Salvato in:
Dettagli Bibliografici
Autore principale: Soroková, Tatiana
Natura: Capitolo di libro
Lingua:slovacco
Soggetti:
Tags: Aggiungi Tag
Nessun Tag, puoi essere il primo ad aggiungerne!!

MARC

LEADER 00000naa a2200000 4500
001 0229089
005 20220805074039.6
041 0 |a slo 
044 |a SK 
245 1 0 |a Poruchy správania detí a ich zvládanie v pedagogickej praxi  |c Tatiana Soroková 
520 |a Náročnosť práce so žiakmi so špecifickými poruchami – špeciálne metódy a formy práce. Špecifické poruchy správania a učenia a ich podmienenosť s narušením funkcií, ktoré sú zodpovedné za riadenie, reguláciu a prepojenie prejavov správania a schopnosti učenia. 
610 2 0 |a výchova 
610 2 0 |a vzdelávanie 
610 2 0 |a pedagogika sociálna 
610 2 0 |a pedagogika špeciálna 
610 2 0 |a správanie sociálne 
610 2 0 |a komunikácia 
610 2 0 |a žiaci 
610 2 0 |a učitelia 
100 1 |a Soroková, Tatiana